000 00597nam a2200193 i 4500
001 96613
003 ES-MaACL
005 20250814063223.0
007 t|
008 050628s1964 sp ||||1| spa d
100 1 _aMaldonado, Luis,
_d1930-
_9143125
245 1 3 _aEl comentario de Gabriel Vázquez a la "Questio I" de la Summa... /
_cLuis Maldonado Arenas.
260 _aVitoria :
_bEset,
_c1964.
300 _aXX, 229 p. ;
_c25 cm.
490 1 _aVictoriensia ;
_vv. 18
830 0 _aVictoriensia ;
_vv. 18
_9181754
852 _aES-MaACL
_jC-26145
_bR.54875
999 _c96613
_d96613